<?xml version="1.0" encoding="UTF-8"?>
<record
    xmlns:xsi="http://www.w3.org/2001/XMLSchema-instance"
    xsi:schemaLocation="http://www.loc.gov/MARC21/slim http://www.loc.gov/standards/marcxml/schema/MARC21slim.xsd"
    xmlns="http://www.loc.gov/MARC21/slim">

  <leader>01223nam a2200325 a 4500</leader>
  <controlfield tag="001">000081142</controlfield>
  <controlfield tag="005">20200120224439.0</controlfield>
  <controlfield tag="008">161111s2014    ck d|||gr|||| 001 ||spa d</controlfield>
  <datafield tag="020" ind1=" " ind2=" ">
    <subfield code="a">9789588719245</subfield>
  </datafield>
  <datafield tag="041" ind1="0" ind2=" ">
    <subfield code="a">&#xBF;-spa</subfield>
  </datafield>
  <datafield tag="043" ind1=" " ind2=" ">
    <subfield code="a">s-ck---</subfield>
  </datafield>
  <datafield tag="082" ind1="0" ind2="4">
    <subfield code="a">364.106</subfield>
    <subfield code="b">N82</subfield>
    <subfield code="2">21</subfield>
  </datafield>
  <datafield tag="245" ind1="1" ind2="0">
    <subfield code="a">Nuevas modalidades de captaci&#xF3;n de rentas ilegales en Medell&#xED;n /</subfield>
    <subfield code="c">Coordinadores acad&#xE9;micos, Jorge Giraldo Ram&#xED;rez, Andr&#xE9;s Juli&#xE1;n Rend&#xF3;n Cardona, Gustavo Duncan Cruz.</subfield>
  </datafield>
  <datafield tag="250" ind1=" " ind2=" ">
    <subfield code="a">1a. ed.</subfield>
  </datafield>
  <datafield tag="260" ind1=" " ind2=" ">
    <subfield code="a">Bogot&#xE1; :</subfield>
    <subfield code="b">Universidad EAFIT,</subfield>
    <subfield code="c">2014.</subfield>
  </datafield>
  <datafield tag="300" ind1=" " ind2=" ">
    <subfield code="a">208 p&#xE1;ginas :</subfield>
    <subfield code="b">diagramas, ilustraciones.</subfield>
  </datafield>
  <datafield tag="500" ind1=" " ind2=" ">
    <subfield code="a">Incluye &#xED;ndice</subfield>
  </datafield>
  <datafield tag="502" ind1=" " ind2=" ">
    <subfield code="a">Tesis</subfield>
  </datafield>
  <datafield tag="504" ind1=" " ind2=" ">
    <subfield code="a">Referencias bibliogr&#xE1;ficas : p. 201-203</subfield>
  </datafield>
  <datafield tag="506" ind1="0" ind2=" ">
    <subfield code="a">General</subfield>
  </datafield>
  <datafield tag="630" ind1="0" ind2="7">
    <subfield code="2">LEMB</subfield>
  </datafield>
  <datafield tag="650" ind1="1" ind2="7">
    <subfield code="a">Crimen organizado</subfield>
    <subfield code="v">Aspectos econ&#xF3;micos</subfield>
  </datafield>
  <datafield tag="650" ind1="2" ind2="7">
    <subfield code="a">Crimen organizado</subfield>
    <subfield code="v">Aspectos pol&#xED;ticos</subfield>
    <subfield code="2">LEMB</subfield>
  </datafield>
  <datafield tag="650" ind1="2" ind2="7">
    <subfield code="a">Narcotr&#xE1;fico</subfield>
    <subfield code="v">Aspectos econ&#xF3;micos</subfield>
  </datafield>
  <datafield tag="650" ind1="2" ind2="7">
    <subfield code="a">Narcotr&#xE1;fico</subfield>
    <subfield code="v">Aspectos pol&#xED;ticos</subfield>
    <subfield code="2">LEMB</subfield>
  </datafield>
  <datafield tag="700" ind1="1" ind2=" ">
    <subfield code="a">Rend&#xF3;n Cardona, Andr&#xE9;s Juli&#xE1;n</subfield>
  </datafield>
  <datafield tag="700" ind1="1" ind2=" ">
    <subfield code="a">Giraldo Ram&#xED;rez, Jorge,</subfield>
    <subfield code="c">coordinador acad&#xE9;mico</subfield>
  </datafield>
  <datafield tag="700" ind1="1" ind2=" ">
    <subfield code="a">Rend&#xF3;n Cardona, Andr&#xE9;s Juli&#xE1;n,</subfield>
    <subfield code="c">coordinador acad&#xE9;mico</subfield>
  </datafield>
  <datafield tag="700" ind1="1" ind2=" ">
    <subfield code="a">Duncan Cruz, Gustavo,</subfield>
    <subfield code="c">coordinador acad&#xE9;mico</subfield>
  </datafield>
  <datafield tag="999" ind1=" " ind2=" ">
    <subfield code="c">9557</subfield>
    <subfield code="d">9557</subfield>
  </datafield>
  <datafield tag="952" ind1=" " ind2=" ">
    <subfield code="0">0</subfield>
    <subfield code="1">0</subfield>
    <subfield code="2">ddc</subfield>
    <subfield code="4">0</subfield>
    <subfield code="7">0</subfield>
    <subfield code="8">GEN</subfield>
    <subfield code="a">BPMOS</subfield>
    <subfield code="b">BPMOS</subfield>
    <subfield code="d">2020-01-20</subfield>
    <subfield code="i">106369</subfield>
    <subfield code="l">0</subfield>
    <subfield code="o">364.106 G47</subfield>
    <subfield code="p">MOS015557</subfield>
    <subfield code="r">2021-12-07</subfield>
    <subfield code="t">ej.1</subfield>
    <subfield code="w">2020-01-20</subfield>
    <subfield code="y">BK</subfield>
    <subfield code="z">Ocho d&#xED;as</subfield>
  </datafield>
</record>
